Redefining the good society : (Record no. 136797)

MARC details
000 -LEADER
fixed length control field 00756nam a22002057a 4500
010 ## - LIBRARY OF CONGRESS CONTROL NUMBER
LC control number A-739269
020 ## - INTERNATIONAL STANDARD BOOK NUMBER
International Standard Book Number 8122406939
Terms of availability 400.00
035 ## - SYSTEM CONTROL NUMBER
System control number A-739269
037 ## - SOURCE OF ACQUISITION
Source of stock number/acquisition Cen Lib / Ret
040 ## - CATALOGING SOURCE
Original cataloging agency DPL
Language of cataloging EN
082 ## - DEWEY DECIMAL CLASSIFICATION NUMBER
Classification number 301
Item number RED
245 ## - TITLE STATEMENT
Title Redefining the good society :
Remainder of title Fourth Indira Gandhi Conference, 19-23 November 1993 /
Statement of responsibility, etc by ndira Gandhi Memorial Trust.
260 ## - PUBLICATION, DISTRIBUTION, ETC. (IMPRINT)
Place of publication, distribution, etc New Delhi
Name of publisher, distributor, etc Wiley Eastern : New Age International,
Date of publication, distribution, etc 1995
270 ## - ADDRESS
Address Trust 1, Akbar Road
City New Delhi
Postal code 110032
300 ## - PHYSICAL DESCRIPTION
Extent xxviii, 516p
Other physical details 24cm(Hb)
650 ## - SUBJECT ADDED ENTRY--TOPICAL TERM
Topical term or geographic name as entry element Civilization, Modern -- 20th century -- Congresses.
650 ## - SUBJECT ADDED ENTRY--TOPICAL TERM
Topical term or geographic name as entry element World politics -- 20th century -- Congresses.
650 ## - SUBJECT ADDED ENTRY--TOPICAL TERM
Topical term or geographic name as entry element Social evolution -- Congresses.
942 ## - ADDED ENTRY ELEMENTS (KOHA)
Source of classification or shelving scheme Dewey Decimal Classification
Koha item type English Books
Classification part 301
Call number suffix RED
Holdings
Withdrawn status Lost status Damaged status Not for loan Home library Current library Date acquired Source of acquisition Cost, normal purchase price Total Checkouts Full call number Barcode Date last seen Copy number Cost, replacement price Price effective from Koha item type
        Central Library Central Library 09/03/2016 Cen Lib/Ret 400.00   301 RED A-739269 09/03/2016 1 400.00 09/03/2016 English Books

© Delhi Public Library
Hit Counter
free hit counter